000 00744nam a2200241Ia 4500
003 OSt
005 20220928121411.0
006 a|||||r|||| 00| 0
007 ta
008 220927b |||||||| |||| 00| 0 eng d
024 _a129738
037 _bGift, 06/05/2016,
_cTextual
040 _aSDCL
_cSDCL
_beng
041 _2eng
_aeng
082 _aB43, Q3
100 _aBressan Alberto
_9451956
245 0 _aLecture notes on functional analysis
_b With applications to linear partial differential equations
260 _aProvidence
_bAmerican Mathematical Society
_c2016
300 _axii;250p.
_ccm.
650 _aGift
_9391569
942 _hB43, Q3
_cTEXL
_2CC
999 _c765944
_d765944